000 00367nam a22001577a 4500
005 20160531153327.0
008 160531b xxu||||| |||| 00| 0 eng d
020 _a978-0-07-025283-7
041 _aeng
082 _b6421
245 _aHarvard Business Review on Brand Management
260 _bHBR
_c1998
300 _a211
650 _aManagement
_9241
942 _cBK
999 _c2264
_d2263